MARC

LEADER 00000nam0a2200000 4500
001 139911
005 20231101220826.0
010 |a 5265001239 
020 |a RU  |b 88-72534 
035 |a (RuTPU)RU\TPU\book\151573 
090 |a 139911 
100 |a 20080616d1988 m y0rusy5003 ca 
101 1 |a rus  |c arm 
102 |a RU 
105 |a c z 000ab 
200 1 |a Аветик Исаакян и Россия: по дневникам, записным книжкам, письмам  |e пер. с арм.  |f А. В. Исаакян 
210 |a Москва  |c Советский писатель  |d 1988 
215 |a 304 с.  |c портр.  |d 22 см 
600 1 |a Исаакян  |b А. С.  |c армянский поэт и прозаик  |f 1875-1957  |g Аветик Саакович  |2 stltpush  |3 (RuTPU)RU\TPU\pers\22807  |9 9799 
610 1 |a армянская поэзия 
610 1 |a русско-армянские литературные связи 
610 1 |a армянско-русские литературные связи 
610 1 |a 19 век 
610 1 |a 20 век 
610 1 |a дневники 
610 1 |a письма 
610 1 |a записи 
675 |a 891.981  |z rus  |v 3 
700 1 |a Исаакян  |b А. В.  |g Авик Вигенович  |4 070 
801 0 |a RU  |b RuMRKP  |c 19950417  |g psbo 
801 1 |a RU  |b 63413507  |c 20080616  |g PSBO 
801 2 |a RU  |b 63413507  |c 20081113  |g PSBO 
942 |c BK